| 000 | 00732nam a22002297a 4500 | ||
|---|---|---|---|
| 003 | UA-OsUOA | ||
| 001 | 104309 | ||
| 007 | ta | ||
| 008 | 20131211b un ||||| |||| 00| 0 ukr d | ||
| 090 |
_a130.2(470+571) _bО-11 |
||
| 942 | _cBK | ||
| 040 |
_aUA-OsUOA _bukr _cUA-OsUOA _dUA-OsUOA |
||
| 245 |
_aО России и русской философской культуре _bфилософы русского послеоктябрьского зарубежья _cотв. ред. Е. М. Чехарин |
||
| 300 | _a528 с. | ||
| 955 | _a2 | ||
| 041 | _aukr | ||
| 080 | _a130.2(470+571) | ||
| 020 | _a5-02-008117-5 | ||
| 260 |
_aМ. _bНаука _c1990 |
||
| 650 | 7 |
_a1 Філософські науки _2UDC |
|
| 999 |
_c389618 _d389618 |
||